| 000 | 00419nam a2200169Ia 4500 | ||
|---|---|---|---|
| 008 | 230524s9999 xx 000 0 und d | ||
| 082 |
_a6.133 _bJAI |
||
| 100 | _aMadhulika Jain (Dr.) | ||
| 245 | 0 | _aComputer Networks | |
| 250 | _a1ST | ||
| 260 |
_aNEW DELHI _bBPB _c2002 |
||
| 300 | _aXVIII;355 | ||
| 500 | _aQuantity Number: 2 | ||
| 650 | _aComp-Sc | ||
| 700 | _a" Vineeta Pillai , Satish Jain,,," | ||
| 942 | _cBK | ||
| 999 |
_c36553 _d36553 |
||